| 000 | 01606nam0a2200289 4500 | ||
|---|---|---|---|
| 001 | RU\NLR\bibl\1223603 | ||
| 005 | 20260407182447.0 | ||
| 021 |
_aRU _b2008-19361 _91059 |
||
| 035 | _a(NLR Aleph) 001209929 | ||
| 090 |
_a71690 _c71690 |
||
| 100 | _a20080507d2007 |||y0rusy50 ca | ||
| 101 | 0 |
_arus _aeng |
|
| 102 | _aRU | ||
| 105 | _aa ||||||||| | ||
| 200 | 1 |
_aСтрановедение Великобритании _e(на основе учебника Britain in Close-up) _eучебно-методическое пособие по английскому языку для студентов 1 курса дневного отделения МПФ _fВсерос. акад. внеш. торговли Минэкономразвития России, Каф. англ. яз. МПФ _gсост.: Решетникова С.В., Ключарева О.Н. |
|
| 210 |
_aМосква _cВАВТ _d2007 |
||
| 215 |
_a58 с. _cил., портр. _d30 |
||
| 606 | 1 |
_aАнглийский язык _jУчебные издания для высших учебных заведений _9972309 _3RU\NLR\auth\6646032 |
|
| 686 |
_aШ143.21-93рус3 _bД890(4Вл) |
||
| 686 | _aШ143.21-93рус329.4 | ||
| 702 | 1 |
_4220 _8rus _7ca _aРешетникова _bС. В. _cпедагог, англ. язык _3RU\NLR\AUTH\7769153 _952081 |
|
| 712 | 0 | 2 |
_4570 _aВсероссийская академия внешней торговли _bКафедра английского языка _3RU\NLR\AUTH\8810117587 _9734226 |
| 801 | 0 |
_aRU _bNLR _c20080507 _gRCR |
|
| 801 | 1 |
_aRU _bNLR _c20080507 |
|
| 942 | _cBOOK | ||
| 980 | _aNB | ||